000 00663nam a2200241Ia 4500
003 OSt
005 20220926012946.0
006 a|||||r|||| 00| 0
007 ta
008 220923b |||||||| |||| 00| 0 eng d
037 _cGeneral Book
040 _aRTL
_cRTL
_beng
041 _2eng
_aeng
082 _aX:8K, M3
100 _aChatfield Michael
_9237648
245 0 _aCost accounting
260 _aNew York
_bHarcourt Jovanovich U S A
_c1983
300 _ax, 1172p.
_ccm.
650 _aCost Accuounts
700 _a Mellson Denis
_9317634
942 _hX:8K, M3
_cGB
_2CC
999 _c624803
_d624803